000 00369nam a22001577a 4500
005 20170330105211.0
008 170330b xxu||||| |||| 00| 0 eng d
020 _a978-81-2191-7056
041 _aeng
100 _aMURUGESHAN,R
_93706
245 _aELECTRICITY AND MAGNETISM
260 _b S CHAND
_c1995
300 _a586
650 _aENGINEERING
_93707
942 _cBK
999 _c5342
_d5340